LEADER 02745nam0 22003973i 450 001 RMLE001049 005 20251003044341.0 012 $atuie byI. r.er getu (C) 1566 (R)$2fei$9>> 100 $a20210205d1566 ||||0itac50 ba 101 | $alat$agrc 102 $ait 181 1$6z01$ai $bxxxe 182 1$6z01$an 183 1$6z01$anc$2RDAcarrier 200 1 $aDe sacramento confessionis, seu paenitentiae, historia, ex veteribus sanctis patribus collecta, per quam contra haereticos lutheranos copiose ostenditur, sacramentalem confessionem ab ipso Christo institutam esse, et in ecclesiae catholicae usu usque ad nostra tempora semper semper obseruatam. De antiquis paenitentiis utilis libellus, e veteribus sanctis patribus accurate contextus. Mariano Victorio Reatino auctore 210 $aRomae$capud Paulum Manutium, Aldi f.$d1566 215 $a [8], 17-246, [8] p.$d8o 300 $aCfr. H. M. Adams, Catalogue of books printed ... V 670; F. Barberi, Paolo Manuzio ... p. 148; A. A. Renouard, Annali delle edizioni aldine ... 200.4 300 $aMarca (U240) sul front. - A c. A2r dedica dell'A. a papa Pio IV 300 $aCors. ; gr. ; rom 300 $aSegn.: A? B-Q?. 316 $a1 v. - Legatura in pergamena - Fori e scavi praticati da tarli$5IT-BN0095 , ANT FONDO RARI 11 620 $aIT$dRoma$3LO1L002924 700 1$aVittori$b, Mariano$f $3SBLV317019$4070$0856628 712 02$aManuzio, Paolo$3BVEV017683$4650 790 1$aAmoretti$b, Mariano$f $3UM1V013549$zVittori, Mariano 801 3$aIT$bIT-000000$c20210205 850 $aIT-BN0095 $aIT-NA0079 901 $bNAP BN$cS.Q. $nRaccolta di opere rare dei sec. XV e successivi. La consultazione dei documenti avviene presso la Sezione Manoscritti e rari. Il fondo è escluso dal servizio prestito. 901 $bNAP 01$cANT $n$ 912 $aRMLE001049 921 $aBVEM001730$bAncora con delfino.$cU240$cO799$dSul front. 950 0$aBiblioteca Centralizzata di Ateneo$c1 esemplare$d 01ANT FONDO RARI 11$e 01AR 0700153755 VMB 1 v. - Legatura in pergamena - Fori e scavi praticati da tarli$fB $h19950220$i20230517 977 $a 01$a BN 996 $aDe sacramento confessionis, seu paenitentiae, historia, ex veteribus sanctis patribus collecta, per quam contra haereticos lutheranos copiose ostenditur, sacramentalem confessionem ab ipso Christo institutam esse, et in ecclesiae catholicae usu usque ad nostra tempora semper semper obseruatam. De antiquis paenitentiis utilis libellus, e veteribus sanctis patribus accurate contextus. Mariano Victorio Reatino auctore$93249597 997 $aUNISANNIO